01002nam a2200265 i 450000100060000000300090000600500170001500700030003200800410003502000180007608000110009424501560010526000420026130000220030349000300032550400310035565000320038665000340041870000440045270000300049683000380052685200330056499900170059795201220061466739ES-MaACL20240227154821.0t|040325s2002 sp ||||1| spa d a84-9742-041-1 a316.7303aEl discurso intercultural b: prolegómenos a una filosofía intercultural / cGraciano González R. Arnaiz (coord.) ; Mauricio Beuchot... [et al.]. aMadrid : bBiblioteca nueva, c[2002] a236 p. ; c21 cm.1 aRazón y sociedad ; v21 aBibliografía p. 225-236.14aPluralismo cultural.916137 aCultura-xFilosofía.9115181 aGonzález R. Arnáiz, Graciano9588951 aBeuchot, Mauricio.9287000 aRazón y sociedad ; v219180621 aES-MaACLjL-27193 bR.132795 c66739d66739 00104070aATENEOMbATENEOMcDEPO2d2008-01-17eSCl0oL-27193p1069905r2023-02-23 00:00:00w2023-02-23yMONOGRAFIA